Lazernoje distancionnoje rondirovanije = Laser remote sensing fundamentals and applications /

Gespeichert in:
Bibliographische Detailangaben
1. Verfasser: Measures, Raymond (Verfasst von)
Format: Buch
Sprache:Russisch
Veröffentlicht: Moskva : Mir, 1987
Tags: Tag hinzufügen
Keine Tags, Fügen Sie das erste Tag hinzu!

MARC

LEADER 00000nam a22000003a 4500
001 stu3939
005 20150617225810.8
008 930531s1987----xxr-----------------rus-d
040 |a STU  |b slo 
041 0 |a rus 
044 |a xxr 
080 |a 621.375.826  |7 stu_us_auth*stu9916 
100 1 |a Measures, Raymond  |4 aut 
245 1 |a Lazernoje distancionnoje rondirovanije = Laser remote sensing fundamentals and applications /  |c [aut.] Measures,R.M 
260 |a Moskva :  |b Mir,  |c 1987 
300 |a 550 s 
996 |b E63697  |c E*63697  |l EE10  |s P  |a 0  |w stu3939_0002